| 000 | 00785nam a2200217Ia 4500 | ||
|---|---|---|---|
| 001 | 111488 | ||
| 003 | 198162 | ||
| 005 | 20250618193209.0 | ||
| 008 | ||||||n9999 ||| || || | ||
| 082 | _a336014 | ||
| 245 | 0 |
_aReforma Estatuto de Rentas del municipio de Pisba _bconsecuencias e impactos en las finanzas municipales y del Estado |
|
| 562 | _e4 | ||
| 650 |
_aESCUELA SUPERIOR DE ADMINISTRACIÓN PÚBLICA (SOGAMOSO, BOYACÁ)--TESIS Y DISERTACIONES ACADÉMICAS _998149 |
||
| 650 | 0 |
_aEspecialización en Finanzas Públicas (Boyacá) _999221 |
|
| 650 |
_aFINANZAS PÚBLICAS MUNICIPALES--COLOMBIA _9127222 |
||
| 650 |
_aIMPACTO _983407 |
||
| 650 |
_aPISBA, BOYACA--(COLOMBIA) _9137148 |
||
| 650 |
_aREFORMA _95209 |
||
| 650 | 0 |
_aRentas públicas _9137149 |
|
| 942 | _cTESIS | ||
| 999 |
_c111488 _d111488 |
||